Guess a city from a-z in canada - Statistics

General Stats
  • This quiz has been taken 13 times
  • The average score is 9 of 23
Answer Stats
Hint Answer % Correct
V Vancouver
92%
M Montreal
83%
O Ottawa
83%
T Toronto
83%
Q Quebec
75%
C Calgary
58%
E Edmonton
58%
R Regina
50%
W Winnipeg
50%
H Halifax
42%
L London
42%
S Saskatoon
42%
Y Yellowknife
42%
B Banff
25%
F Fredericton
25%
I Iqaluit
25%
J Jasper
17%
K Kelowna
17%
A Airdrie
8%
G Gatineau
8%
D Drumheller
0%
N Nanaimo
0%
P Peterborough
0%
No matching quizzes found
Score Distribution
Percent of People with Each Score
Percentile by Number Answered
Your Score History
You have not taken this quiz